[Event "Team men PL"]
[Site "Sochi"]
[Date "2020.11.25"]
[Round "6.11"]
[White "Petrov, Nikita"]
[Black "Inarkiev, Ernesto"]
[Result "1/2-1/2"]
[BlackElo "2661"]
[WhiteElo "2577"]
[LiveChessVersion "1.4.8"]

1.d4 {[%clk 1:30:57]} d5 {[%clk 1:30:56]} 2.c4 {[%clk 1:30:55]}
dxc4 {[%clk 1:31:19]} 3.e3 {[%clk 1:30:53]} Nf6 {[%clk 1:30:44]}
4.Bxc4 {[%clk 1:31:16]} e6 {[%clk 1:31:11]} 5.Nf3 {[%clk 1:31:08]}
c5 {[%clk 1:31:38]} 6.O-O {[%clk 1:31:12]} a6 {[%clk 1:32:06]}
7.Nbd2 {[%clk 1:30:49]} Nbd7 {[%clk 1:29:30]} 8.e4 {[%clk 1:29:01]}
b5 {[%clk 1:28:20]} 9.e5 {[%clk 1:28:22]} bxc4 {[%clk 1:07:48]}
10.exf6 {[%clk 1:27:26]} Nxf6 {[%clk 1:08:13]} 11.Nxc4 {[%clk 1:27:43]}
Be7 {[%clk 0:47:29]} 12.dxc5 {[%clk 1:18:55]} Qxd1 {[%clk 0:45:12]}
13.Rxd1 {[%clk 1:18:32]} Bxc5 {[%clk 0:45:40]} 14.Be3 {[%clk 1:06:29]}
Be7 {[%clk 0:27:06]} 15.Nb6 {[%clk 0:36:10]} Rb8 {[%clk 0:27:34]}
16.Ne5 {[%clk 0:34:38]} Bb7 {[%clk 0:25:37]} 17.Rac1 {[%clk 0:34:29]}
Bd8 {[%clk 0:23:20]} 18.Nbc4 {[%clk 0:19:42]} Be7 {[%clk 0:17:08]}
19.Na5 {[%clk 0:17:46]} Bd5 {[%clk 0:14:20]} 20.Nac6 {[%clk 0:17:02]}
Rb7 {[%clk 0:10:13]} 21.Nxe7 {[%clk 0:15:30]} Kxe7 {[%clk 0:10:41]}
22.Bc5+ {[%clk 0:14:02]} Kd8 {[%clk 0:11:10]} 23.a4 {[%clk 0:11:36]}
h5 {[%clk 0:08:00]} 24.a5 {[%clk 0:05:54]} h4 {[%clk 0:08:00]}
25.Bb6+ {[%clk 0:06:12]} Ke7 {[%clk 0:08:18]} 26.Bc5+ {[%clk 0:05:46]}
Kd8 {[%clk 0:08:41]} 27.Rd3 {[%clk 0:02:30]} Rh5 {[%clk 0:06:16]}
28.Bb6+ {[%clk 0:01:19]} Ke7 {[%clk 0:06:33]} 29.Bc5+ {[%clk 0:01:45]}
Kd8 {[%clk 0:06:10]} 30.Bb6+ {[%clk 0:00:38]} Ke7 {[%clk 0:06:39]}
31.Bc5+ {[%clk 0:00:36]} Kd8 {[%clk 0:07:08]} 32.Bb6+ {[%clk 0:00:59]}
Ke7 {[%clk 0:07:36]} 33.Bc5+ {[%clk 0:00:42]} Kd8 {[%clk 0:07:59]}
34.Bb6+ {[%clk 0:00:46]} Ke7 {[%clk 0:08:28]} 35.Bc5+ {[%clk 0:00:47]}
 1/2-1/2

[Event "Team men PL"]
[Site "Sochi"]
[Date "2020.11.25"]
[Round "6.12"]
[White "Sarana, Alexey"]
[Black "Zakhartsov, Vladimir"]
[Result "1-0"]
[BlackElo "2484"]
[WhiteElo "2636"]
[LiveChessVersion "1.4.8"]

1.d4 {[%clk 1:30:56]} Nf6 {[%clk 1:30:46]} 2.c4 {[%clk 1:31:21]}
e6 {[%clk 1:31:11]} 3.Nf3 {[%clk 1:31:47]} b6 {[%clk 1:31:33]}
4.a3 {[%clk 1:32:02]} Bb7 {[%clk 1:31:24]} 5.Nc3 {[%clk 1:32:26]}
Ne4 {[%clk 1:30:11]} 6.Nxe4 {[%clk 1:32:48]} Bxe4 {[%clk 1:30:37]}
7.Bf4 {[%clk 1:33:09]} Be7 {[%clk 1:28:59]} 8.Nd2 {[%clk 1:33:27]}
Bb7 {[%clk 1:28:37]} 9.e3 {[%clk 1:33:42]} c5 {[%clk 1:24:54]}
10.d5 {[%clk 1:23:43]} exd5 {[%clk 1:21:41]} 11.cxd5 {[%clk 1:23:29]}
O-O {[%clk 1:10:27]} 12.Ne4 {[%clk 1:21:42]} d6 {[%clk 1:04:46]}
13.h4 {[%clk 1:20:09]} Na6 {[%clk 0:54:30]} 14.Qh5 {[%clk 1:03:38]}
Nc7 {[%clk 0:53:19]} 15.Rd1 {[%clk 1:01:59]} f5 {[%clk 0:43:00]}
16.Ng5 {[%clk 0:59:04]} h6 {[%clk 0:43:16]} 17.Qg6 {[%clk 0:59:13]}
hxg5 {[%clk 0:38:10]} 18.hxg5 {[%clk 0:58:55]} Bf6 {[%clk 0:38:11]}
19.Qh7+ {[%clk 0:54:05]} Kf7 {[%clk 0:38:40]} 20.gxf6 {[%clk 0:54:26]}
Qxf6 {[%clk 0:38:54]} 21.Rh6 {[%clk 0:54:30]} Qxb2 {[%clk 0:38:51]}
22.Qxf5+ {[%clk 0:54:34]} Ke8 {[%clk 0:35:10]} 23.Qg6+ {[%clk 0:54:52]}
Kd8 {[%clk 0:35:25]} 24.Qxd6+ {[%clk 0:55:14]} Ke8 {[%clk 0:35:53]}
25.Bd3 {[%clk 0:53:29]} Qc3+ {[%clk 0:35:24]} 26.Ke2 {[%clk 0:53:12]} 1-0

[Event "Team men PL"]
[Site "Sochi"]
[Date "2020.11.25"]
[Round "6.13"]
[White "Paravyan, David"]
[Black "Triapishko, Alexandr"]
[Result "1-0"]
[BlackElo "2506"]
[WhiteElo "2654"]
[LiveChessVersion "1.4.8"]

1.Nf3 {[%clk 1:30:56]} Nf6 {[%clk 1:29:17]} 2.g3 {[%clk 1:31:21]}
g6 {[%clk 1:20:47]} 3.d4 {[%clk 1:31:04]} d5 {[%clk 1:11:15]}
4.Bg2 {[%clk 1:31:11]} Bg7 {[%clk 1:11:30]} 5.c4 {[%clk 1:31:37]}
c6 {[%clk 1:11:32]} 6.O-O {[%clk 1:32:01]} O-O {[%clk 1:11:20]}
7.Nc3 {[%clk 1:32:27]} dxc4 {[%clk 1:04:31]} 8.e4 {[%clk 1:32:20]}
b5 {[%clk 0:58:47]} 9.Qe2 {[%clk 1:32:24]} Bg4 {[%clk 0:53:05]}
10.Rd1 {[%clk 1:30:51]} Qe8 {[%clk 0:36:26]} 11.e5 {[%clk 1:30:42]}
Nd5 {[%clk 0:36:22]} 12.a4 {[%clk 1:25:26]} b4 {[%clk 0:31:20]}
13.Ne4 {[%clk 1:25:31]} f6 {[%clk 0:24:39]} 14.h3 {[%clk 1:25:49]}
Bxf3 {[%clk 0:21:26]} 15.Bxf3 {[%clk 1:26:13]} fxe5 {[%clk 0:21:21]}
16.Bg4 {[%clk 1:14:20]} exd4 {[%clk 0:15:10]} 17.Qxc4 {[%clk 1:11:20]}
e5 {[%clk 0:10:40]} 18.Bg5 {[%clk 1:04:49]} Rf5 {[%clk 0:04:39]}
19.h4 {[%clk 0:50:34]} Qe6 {[%clk 0:03:12]} 20.Rac1 {[%clk 0:46:57]}
h5 {[%clk 0:02:12]} 21.Nc5 {[%clk 0:42:02]} Qf7 {[%clk 0:01:45]}
22.Bxf5 {[%clk 0:42:27]} gxf5 {[%clk 0:02:09]} 23.Na6 {[%clk 0:42:52]}
f4 {[%clk 0:00:46]} 24.Nc5 {[%clk 0:22:57]} a5 {[%clk 0:00:33]}
25.gxf4 {[%clk 0:23:15]} exf4 {[%clk 0:00:40]} 26.Nd3 {[%clk 0:19:28]}
f3 {[%clk 0:00:44]} 27.Nf4 {[%clk 0:18:25]} Nxf4 {[%clk 0:00:33]}
28.Qxf7+ {[%clk 0:17:14]} Kxf7 {[%clk 0:01:01]} 29.Bxf4 {[%clk 0:17:38]}
Ke6 {[%clk 0:00:39]} 30.Re1+ {[%clk 0:12:12]} Kd7 {[%clk 0:00:33]}
31.Rc5 {[%clk 0:12:36]} Na6 {[%clk 0:00:34]} 32.Rxh5 {[%clk 0:12:59]}
Rf8 {[%clk 0:00:34]} 33.Bg3 {[%clk 0:13:13]} Bf6 {[%clk 0:00:33]}
34.Rxa5 {[%clk 0:13:36]} Nc7 {[%clk 0:00:33]} 35.b3 {[%clk 0:12:17]}
Rg8 {[%clk 0:00:34]} 36.Kf1 {[%clk 0:12:41]} Rg4 {[%clk 0:00:33]}
37.h5 {[%clk 0:08:24]} d3 {[%clk 0:00:32]} 38.Rd1 {[%clk 0:08:07]}
Rd4 {[%clk 0:00:33]} 39.Ra7 {[%clk 0:06:48]} Bd8 {[%clk 0:00:56]}
40.h6 {[%clk 0:37:13]} Rd5 {[%clk 0:30:47]} 41.h7 {[%clk 0:37:38]}
Rh5 {[%clk 0:30:41]} 42.Rxd3+ {[%clk 0:38:03]} Ke6 {[%clk 0:30:08]}
43.Re3+ {[%clk 0:38:28]} Kd7 {[%clk 0:30:06]} 44.Rxf3 {[%clk 0:38:52]}
Rxh7 {[%clk 0:30:24]} 45.Rd3+ {[%clk 0:39:12]} Kc8 {[%clk 0:30:25]}
46.Rxd8+ {[%clk 0:39:14]} Kxd8 {[%clk 0:30:51]} 47.Bxc7+ {[%clk 0:39:15]}
Rxc7 {[%clk 0:31:16]} 48.Rxc7 {[%clk 0:39:42]} 1-0

[Event "Team men PL"]
[Site "Sochi"]
[Date "2020.11.25"]
[Round "6.14"]
[White "Kardashevskiy, Evgeny"]
[Black "Chigaev, Maksim"]
[Result "1/2-1/2"]
[BlackElo "2615"]
[WhiteElo "2436"]
[LiveChessVersion "1.4.8"]

1.d4 {[%clk 1:30:55]} Nf6 {[%clk 1:30:53]} 2.Nf3 {[%clk 1:31:14]}
g6 {[%clk 1:31:17]} 3.c4 {[%clk 1:31:32]} Bg7 {[%clk 1:31:41]}
4.g3 {[%clk 1:31:47]} b6 {[%clk 1:32:05]} 5.Bg2 {[%clk 1:31:18]}
Bb7 {[%clk 1:32:26]} 6.O-O {[%clk 1:31:31]} O-O {[%clk 1:32:50]}
7.Qc2 {[%clk 1:30:59]} c5 {[%clk 1:32:29]} 8.d5 {[%clk 1:31:02]}
b5 {[%clk 1:32:52]} 9.Rd1 {[%clk 1:28:18]} d6 {[%clk 1:24:24]}
10.e4 {[%clk 1:28:23]} bxc4 {[%clk 1:24:06]} 11.Na3 {[%clk 1:28:31]}
Ba6 {[%clk 1:19:14]} 12.Nd2 {[%clk 1:17:42]} Ng4 {[%clk 1:13:58]}
13.Ndxc4 {[%clk 1:12:25]} Nd7 {[%clk 1:14:01]} 14.h3 {[%clk 1:10:00]}
Nge5 {[%clk 1:14:06]} 15.Rb1 {[%clk 1:06:52]} Bxc4 {[%clk 1:06:36]}
16.Nxc4 {[%clk 1:07:11]} Nxc4 {[%clk 1:06:56]} 17.Qxc4 {[%clk 1:07:17]}
Qa5 {[%clk 1:07:21]} 18.Bd2 {[%clk 0:59:10]} Nb6 {[%clk 1:07:26]}
19.Qb3 {[%clk 0:56:08]} Qa6 {[%clk 1:06:18]} 20.a3 {[%clk 0:44:27]}
Rab8 {[%clk 0:54:01]} 21.Bf1 {[%clk 0:42:20]} c4 {[%clk 0:52:24]}
22.Qc2 {[%clk 0:41:33]} Qa4 {[%clk 0:46:36]} 23.Rdc1 {[%clk 0:38:32]}
Rfc8 {[%clk 0:44:42]} 24.Qxa4 {[%clk 0:35:08]} Nxa4 {[%clk 0:45:09]}
25.Rxc4 {[%clk 0:35:17]} Rxc4 {[%clk 0:45:28]} 26.Bxc4 {[%clk 0:35:38]}
Rxb2 {[%clk 0:45:02]} 27.Rxb2 {[%clk 0:34:48]} Bxb2 {[%clk 0:45:28]}
28.Bb4 {[%clk 0:34:40]} a5 {[%clk 0:42:10]} 29.Bxa5 {[%clk 0:34:54]}
Bxa3 {[%clk 0:42:33]} 30.Kg2 {[%clk 0:34:42]} Bb2 {[%clk 0:42:50]}
31.Bb4 {[%clk 0:34:32]} Bc3 {[%clk 0:43:08]} 32.Bb3 {[%clk 0:34:37]}
Bxb4 {[%clk 0:43:31]} 33.Bxa4 {[%clk 0:35:03]} Kg7 {[%clk 0:43:54]}
34.f4 {[%clk 0:35:13]} Be1 {[%clk 0:44:10]} 35.Kf3 {[%clk 0:35:27]}
Kf6 {[%clk 0:44:35]} 36.Be8 {[%clk 0:35:36]} Kg7 {[%clk 0:44:57]}
37.Bd7 {[%clk 0:35:58]} Kf6 {[%clk 0:45:23]} 38.Be8 {[%clk 0:36:24]}
Kg7 {[%clk 0:45:48]} 39.Bd7 {[%clk 0:36:49]} Kf6 {[%clk 0:46:13]}
40.Be8 {[%clk 1:07:16]} 1/2-1/2

[Event "Team men PL"]
[Site "Sochi"]
[Date "2020.11.25"]
[Round "6.15"]
[White "Antipov, Mikhail Al."]
[Black "Musalov, Ruslan"]
[Result "0-1"]
[BlackElo "2348"]
[WhiteElo "2607"]
[LiveChessVersion "1.4.8"]

1.e4 {[%clk 1:30:56]} e5 {[%clk 1:30:53]} 2.Nf3 {[%clk 1:31:21]}
Nc6 {[%clk 1:31:17]} 3.Bb5 {[%clk 1:31:46]} a6 {[%clk 1:31:21]}
4.Ba4 {[%clk 1:32:09]} Nf6 {[%clk 1:31:06]} 5.d3 {[%clk 1:32:00]}
d6 {[%clk 1:26:30]} 6.c4 {[%clk 1:30:33]} g6 {[%clk 1:25:10]}
7.Nc3 {[%clk 1:27:56]} Bg7 {[%clk 1:25:25]} 8.Nd5 {[%clk 1:16:38]}
Nd7 {[%clk 1:21:04]} 9.Bg5 {[%clk 1:11:10]} f6 {[%clk 1:21:12]}
10.Be3 {[%clk 1:11:32]} Ne7 {[%clk 1:18:53]} 11.Nxe5 fxe5 12.Bg5
{[%clk 0:41:21]} Bf8 {[%clk 1:05:00]} 13.f4 {[%clk 0:32:35]}
c6 {[%clk 1:02:53]} 14.fxe5 {[%clk 0:28:49]} cxd5 {[%clk 0:50:27]}
15.O-O {[%clk 0:29:06]} b5 {[%clk 0:49:40]} 16.d4 {[%clk 0:23:57]}
Qb6 {[%clk 0:37:19]} 17.exd5 {[%clk 0:16:40]} bxa4 {[%clk 0:32:11]}
18.exd6 {[%clk 0:14:01]} Bg7 {[%clk 0:17:17]} 19.c5 {[%clk 0:07:37]}
Qxb2 {[%clk 0:16:09]} 20.Kh1 {[%clk 0:07:02]} Qxd4 {[%clk 0:08:39]}
21.Qe1 {[%clk 0:02:02]} Qe5 {[%clk 0:05:35]} 22.Qd2 {[%clk 0:00:52]}
Qxd5 {[%clk 0:01:01]} 23.Qe3 {[%clk 0:01:21]} Qe5 {[%clk 0:01:13]}
24.Qf3 {[%clk 0:01:43]} Qd5 {[%clk 0:00:47]} 25.Qe3 {[%clk 0:02:08]}
Qe5 {[%clk 0:00:55]} 26.Qf3 {[%clk 0:02:34]} Qxg5 {[%clk 0:00:43]}
27.Qf7+ {[%clk 0:01:45]} Kd8 {[%clk 0:01:12]} 28.Rae1 {[%clk 0:00:36]}
Be5 {[%clk 0:00:57]} 29.dxe7+ {[%clk 0:01:03]} Qxe7 {[%clk 0:01:04]}
30.Qd5 {[%clk 0:00:53]} Ra7 {[%clk 0:00:45]} 31.c6 {[%clk 0:00:38]}
Qc5 {[%clk 0:00:38]} 32.Qe4 {[%clk 0:01:07]} Nf6 {[%clk 0:00:37]}
33.Qxa4 {[%clk 0:01:09]} Re7 {[%clk 0:00:39]} 34.Rb1 {[%clk 0:01:03]}
Ke8 {[%clk 0:00:37]} 35.Rfc1 {[%clk 0:01:04]} Qd4 {[%clk 0:00:54]} 0-1

[Event "Team men PL"]
[Site "Sochi"]
[Date "2020.11.25"]
[Round "6.16"]
[White "Truskavetsky, Alexandr"]
[Black "Yuffa, Daniil"]
[Result "1/2-1/2"]
[BlackElo "2565"]
[WhiteElo "2399"]
[LiveChessVersion "1.4.8"]

1.d4 {[%clk 1:30:55]} Nf6 {[%clk 1:30:27]} 2.Nf3 {[%clk 1:31:02]}
g6 {[%clk 1:30:38]} 3.g3 {[%clk 1:31:02]} Bg7 {[%clk 1:31:04]}
4.Bg2 {[%clk 1:31:27]} O-O {[%clk 1:31:31]} 5.O-O {[%clk 1:31:52]}
d6 {[%clk 1:31:59]} 6.b3 {[%clk 1:31:44]} e5 {[%clk 1:32:23]}
7.dxe5 {[%clk 1:30:29]} dxe5 {[%clk 1:32:46]} 8.Ba3 {[%clk 1:24:35]}
e4 {[%clk 1:33:02]} 9.Bxf8 {[%clk 1:20:03]} Qxf8 {[%clk 1:33:29]}
10.Nd4 {[%clk 1:20:10]} e3 {[%clk 1:33:47]} 11.Nc3 {[%clk 0:39:14]}
Ng4 {[%clk 1:21:32]} 12.fxe3 {[%clk 0:24:03]} Nxe3 {[%clk 1:21:50]}
13.Qd3 {[%clk 0:22:15]} Nxf1 {[%clk 1:20:54]} 14.Rxf1 {[%clk 0:22:36]}
c6 {[%clk 1:20:47]} 15.Ne4 {[%clk 0:21:15]} Qe7 {[%clk 1:17:48]}
16.Nf3 {[%clk 0:18:09]} Nd7 {[%clk 1:12:40]} 17.Nfg5 {[%clk 0:15:55]}
Ne5 {[%clk 1:06:31]} 18.Qd6 {[%clk 0:15:54]} Qxd6 {[%clk 1:03:58]}
19.Nxd6 {[%clk 0:16:22]} Bg4 {[%clk 1:02:39]} 20.Nf3 {[%clk 0:09:25]}
Rb8 {[%clk 0:54:16]} 21.Nxe5 {[%clk 0:08:55]} Bxe5 {[%clk 0:54:43]}
22.Nxf7 {[%clk 0:09:02]} Bd4+ {[%clk 0:55:08]} 23.Kh1 {[%clk 0:09:28]}
Bxe2 {[%clk 0:55:02]} 24.Re1 {[%clk 0:09:31]} Re8 {[%clk 0:54:24]}
25.Nd6 {[%clk 0:07:44]} Re7 {[%clk 0:54:35]} 26.Ne4 {[%clk 0:07:22]}
Bg4 {[%clk 0:53:47]} 27.h3 {[%clk 0:07:11]} Bd7 {[%clk 0:51:54]}
28.g4 {[%clk 0:02:33]} Kg7 {[%clk 0:51:45]} 29.Bf3 {[%clk 0:02:54]}
c5 {[%clk 0:48:21]} 30.Kg2 {[%clk 0:03:20]} b5 {[%clk 0:46:40]}
31.c3 {[%clk 0:02:49]} Bxc3 {[%clk 0:46:11]} 32.Rc1 {[%clk 0:03:15]}
Bd4 {[%clk 0:45:17]} 33.Nxc5 {[%clk 0:03:36]} Be8 {[%clk 0:45:40]}
34.Ne4 {[%clk 0:01:35]} Be5 {[%clk 0:44:52]} 35.Rc2 {[%clk 0:01:12]}
h6 {[%clk 0:44:18]} 36.h4 {[%clk 0:01:29]} Bf4 {[%clk 0:43:59]}
37.Nc5 {[%clk 0:01:28]} Bf7 {[%clk 0:41:42]} 38.Re2 {[%clk 0:01:15]}
Bd6 {[%clk 0:39:04]} 39.Ne4 {[%clk 0:00:53]} Bb4 {[%clk 0:38:36]}
40.Rc2 {[%clk 0:30:52]} a5 {[%clk 1:06:42]} 41.Rc8 {[%clk 0:19:05]}
a4 {[%clk 1:02:44]} 42.Rb8 {[%clk 0:13:16]} axb3 {[%clk 1:03:07]}
43.axb3 {[%clk 0:13:43]} Re5 {[%clk 1:03:09]} 44.Rb7 {[%clk 0:13:03]}
Be7 {[%clk 1:02:10]} 45.Nc3 {[%clk 0:10:46]} b4 {[%clk 1:02:25]}
46.Nd5 {[%clk 0:09:43]} Bxh4 {[%clk 1:01:51]} 47.Nxb4 {[%clk 0:08:55]}
Kf6 {[%clk 1:01:43]} 48.Nd3 {[%clk 0:05:57]} Ra5 {[%clk 1:00:23]}
49.Rb6+ {[%clk 0:05:32]} Kg7 {[%clk 0:59:41]} 50.Rb7 {[%clk 0:05:39]}
Bf6 {[%clk 0:56:42]} 51.b4 {[%clk 0:05:28]} Ra2+ {[%clk 0:56:21]}
52.Kf1 {[%clk 0:03:19]} Ra1+ {[%clk 0:54:53]} 53.Ke2 {[%clk 0:03:39]}
Kf8 {[%clk 0:54:37]} 54.Rb8+ {[%clk 0:04:01]} Ke7 {[%clk 0:54:40]}
55.Rb7+ {[%clk 0:04:19]} Ke8 {[%clk 0:55:02]} 56.Rb8+ {[%clk 0:04:32]}
Ke7 {[%clk 0:54:52]} 57.Rb7+ {[%clk 0:04:46]} Kf8 {[%clk 0:54:46]}
58.Rb8+ {[%clk 0:03:57]} Kg7 {[%clk 0:55:05]} 59.Rb7 {[%clk 0:03:47]}
Kf8 {[%clk 0:55:14]} 60.b5 {[%clk 0:03:04]} Bd4 {[%clk 0:52:22]}
61.Be4 {[%clk 0:03:06]} Be6 {[%clk 0:51:43]} 62.Nf4 {[%clk 0:01:17]}
Bxg4+ {[%clk 0:50:57]} 63.Kd3 {[%clk 0:01:39]} Rd1+ {[%clk 0:50:40]}
64.Kc2 {[%clk 0:01:16]} Re1 {[%clk 0:46:05]} 65.Nxg6+ {[%clk 0:01:29]}
Ke8 {[%clk 0:45:50]} 66.Bc6+ {[%clk 0:01:15]} Kd8 {[%clk 0:46:17]}
67.b6 {[%clk 0:01:18]} Bc8 {[%clk 0:45:00]} 68.Rb8 {[%clk 0:01:06]}
Bxb6 {[%clk 0:45:05]} 69.Rxb6 {[%clk 0:00:38]} Kc7 {[%clk 0:45:29]}
70.Rb4 {[%clk 0:00:41]} Kxc6 {[%clk 0:45:26]} 71.Kd2 {[%clk 0:00:43]}
Re6 {[%clk 0:45:24]} 72.Nf4 {[%clk 0:00:38]} Re5 {[%clk 0:45:47]}
73.Rc4+ {[%clk 0:00:58]} Kd7 {[%clk 0:46:11]} 74.Nd3 {[%clk 0:01:01]}
Rg5 {[%clk 0:46:21]} 75.Rh4 {[%clk 0:01:01]} Rg2+ {[%clk 0:46:30]}
76.Kc3 {[%clk 0:01:13]} Ke7 {[%clk 0:46:21]} 77.Rxh6 {[%clk 0:01:35]} 1/2-1/2

[Event "Team men PL"]
[Site "Sochi"]
[Date "2020.11.25"]
[Round "6.17"]
[White "Lomasov, Semyon"]
[Black "Alexeev, Alexey"]
[Result "1-0"]
[BlackElo "2246"]
[WhiteElo "2528"]
[LiveChessVersion "1.4.8"]

1.e4 {[%clk 1:30:54]} e6 {[%clk 1:30:53]} 2.d4 {[%clk 1:31:18]}
d5 {[%clk 1:31:18]} 3.Nc3 {[%clk 1:31:43]} Bb4 {[%clk 1:31:42]}
4.e5 {[%clk 1:32:08]} c5 {[%clk 1:32:06]} 5.a3 {[%clk 1:32:34]}
Bxc3+ {[%clk 1:32:30]} 6.bxc3 {[%clk 1:32:59]} Ne7 {[%clk 1:32:55]}
7.h4 {[%clk 1:32:52]} Qa5 {[%clk 1:30:17]} 8.Bd2 {[%clk 1:33:03]}
Nbc6 {[%clk 1:29:20]} 9.h5 {[%clk 1:25:15]} Qa4 {[%clk 1:26:23]}
10.h6 {[%clk 1:25:19]} gxh6 {[%clk 1:26:41]} 11.Rb1 {[%clk 1:25:09]}
a6 {[%clk 1:26:32]} 12.Nf3 {[%clk 1:19:54]} c4 {[%clk 1:06:26]}
13.Qc1 {[%clk 1:17:26]} Ng8 {[%clk 1:01:44]} 14.Be2 {[%clk 1:06:33]}
b5 {[%clk 0:51:33]} 15.Nh2 {[%clk 0:55:14]} Bd7 {[%clk 0:44:32]}
16.Bh5 {[%clk 0:54:55]} O-O-O {[%clk 0:44:32]} 17.Bxf7 {[%clk 0:53:43]}
Rf8 {[%clk 0:44:31]} 18.Bh5 {[%clk 0:54:00]} Nce7 {[%clk 0:42:49]}
19.Rb4 {[%clk 0:47:33]} Qa5 {[%clk 0:43:06]} 20.a4 {[%clk 0:47:59]}
Nf5 {[%clk 0:37:15]} 21.Qa3 {[%clk 0:36:26]} Nge7 {[%clk 0:37:00]}
22.Ng4 {[%clk 0:33:04]} Nc6 {[%clk 0:36:13]} 23.Rb2 {[%clk 0:32:34]}
Rfg8 {[%clk 0:31:07]} 24.g3 {[%clk 0:29:26]} Qxa4 {[%clk 0:22:39]}
25.Qxa4 {[%clk 0:29:47]} bxa4 {[%clk 0:23:05]} 26.Nf6 {[%clk 0:29:52]}
a3 {[%clk 0:19:14]} 27.Ra2 {[%clk 0:29:55]} Rd8 {[%clk 0:18:19]}
28.Bc1 {[%clk 0:29:46]} Ng7 {[%clk 0:17:34]} 29.Bxa3 {[%clk 0:21:03]}
Nxh5 {[%clk 0:14:55]} 30.Rxh5 {[%clk 0:21:19]} Be8 {[%clk 0:15:13]}
31.Rxh6 {[%clk 0:20:55]} Bg6 {[%clk 0:14:35]} 32.Bd6 {[%clk 0:17:52]}
Kb7 {[%clk 0:10:17]} 33.Rb2+ {[%clk 0:17:54]} Ka8 {[%clk 0:09:58]}
34.Rb6 {[%clk 0:18:13]} Rc8 {[%clk 0:10:22]} 35.Rxa6+ {[%clk 0:17:34]}
Kb7 {[%clk 0:10:41]} 36.Ra2 {[%clk 0:18:00]} Ra8 {[%clk 0:09:21]}
37.Rb2+ {[%clk 0:17:59]} Kc8 {[%clk 0:09:45]} 38.Kd2 {[%clk 0:17:18]}
Nd8 {[%clk 0:09:15]} 39.Rh1 {[%clk 0:15:34]} Nb7 {[%clk 0:08:50]}
40.Rhb1 {[%clk 0:44:18]} Nxd6 {[%clk 0:38:55]} 41.exd6 {[%clk 0:44:42]}
Rf8 {[%clk 0:39:19]} 42.Rb8+ {[%clk 0:44:42]} Rxb8 {[%clk 0:38:30]}
43.Rxb8+ {[%clk 0:45:02]} Kxb8 {[%clk 0:38:52]} 44.Nd7+ {[%clk 0:45:29]}
Kb7 {[%clk 0:39:07]} 45.Nxf8 {[%clk 0:45:54]} Bf5 {[%clk 0:39:28]}
46.Ke3 {[%clk 0:46:02]} 1-0

[Event "Team men PL"]
[Site "Sochi"]
[Date "2020.11.25"]
[Round "6.18"]
[White "Linker, Mikhail"]
[Black "Kryakvin, Dmitry"]
[Result "1/2-1/2"]
[BlackElo "2577"]
[WhiteElo "2269"]
[LiveChessVersion "1.4.8"]

1.e4 {[%clk 1:30:52]} c5 {[%clk 1:30:28]} 2.Nf3 {[%clk 1:30:50]}
Nc6 {[%clk 1:30:44]} 3.d4 {[%clk 1:30:24]} cxd4 {[%clk 1:31:07]}
4.Nxd4 {[%clk 1:30:48]} e5 {[%clk 1:31:02]} 5.Nb5 {[%clk 1:26:50]}
d6 {[%clk 1:31:09]} 6.N1c3 {[%clk 1:24:41]} a6 {[%clk 1:31:22]}
7.Na3 {[%clk 1:25:06]} b5 {[%clk 1:31:31]} 8.Nd5 {[%clk 1:25:23]}
Nge7 {[%clk 1:31:42]} 9.c4 {[%clk 1:22:37]} Nxd5 {[%clk 1:31:52]}
10.cxd5 {[%clk 1:20:32]} Nd4 {[%clk 1:32:04]} 11.Nc2 {[%clk 1:18:20]}
Bg4 {[%clk 1:30:13]} 12.Qd3 {[%clk 1:16:12]} Nxc2+ {[%clk 1:22:35]}
13.Qxc2 {[%clk 1:16:37]} Rc8 {[%clk 1:22:34]} 14.Qb3 {[%clk 1:15:12]}
Be7 {[%clk 1:19:20]} 15.Bd3 {[%clk 1:13:33]} O-O {[%clk 1:03:42]}
16.O-O {[%clk 1:07:34]} Bd7 {[%clk 0:53:45]} 17.Bd2 {[%clk 0:54:51]}
h6 {[%clk 0:49:37]} 18.Qa3 {[%clk 0:50:10]} Qb6 {[%clk 0:44:24]}
19.Be3 {[%clk 0:39:26]} Qb7 {[%clk 0:43:01]} 20.f4 {[%clk 0:37:44]}
exf4 {[%clk 0:39:20]} 21.Bd4 {[%clk 0:37:51]} f5 {[%clk 0:35:28]}
22.Rxf4 {[%clk 0:36:43]} Bf6 {[%clk 0:30:09]} 23.Bxf6 {[%clk 0:30:05]}
Rxf6 {[%clk 0:30:33]} 24.Raf1 {[%clk 0:28:56]} Qb6+ {[%clk 0:29:50]}
25.Kh1 {[%clk 0:28:42]} g5 {[%clk 0:21:31]} 26.R4f2 {[%clk 0:25:59]}
f4 {[%clk 0:20:39]} 27.e5 {[%clk 0:24:52]} dxe5 {[%clk 0:19:04]}
28.Qe7 {[%clk 0:25:04]} Bf5 {[%clk 0:18:50]} 29.Bxf5 {[%clk 0:24:40]}
Rxf5 {[%clk 0:19:12]} 30.g4 {[%clk 0:18:37]} Rf6 {[%clk 0:18:05]}
31.Qxe5 {[%clk 0:18:50]} Qd6 {[%clk 0:18:16]} 32.Qxd6 {[%clk 0:15:16]}
Rxd6 {[%clk 0:18:35]} 33.Rd2 {[%clk 0:14:47]} Kf7 {[%clk 0:13:54]}
34.Kg2 {[%clk 0:14:18]} Kf6 {[%clk 0:13:47]} 35.Kf3 {[%clk 0:11:23]}
Re8 {[%clk 0:12:22]} 36.Rd3 {[%clk 0:10:27]} Re5 {[%clk 0:11:39]}
37.Rfd1 {[%clk 0:10:39]} a5 {[%clk 0:11:38]} 38.h4 {[%clk 0:08:00]}
Ke7 {[%clk 0:11:26]} 39.h5 {[%clk 0:07:02]} Kd7 {[%clk 0:09:58]}
40.Kf2 {[%clk 0:33:55]} Kc7 {[%clk 0:37:48]} 41.Kf3 {[%clk 0:29:02]}
Kb6 {[%clk 0:37:47]} 42.Kf2 {[%clk 0:27:18]} a4 {[%clk 0:35:38]}
43.b3 {[%clk 0:18:45]} Ka5 {[%clk 0:25:03]} 44.bxa4 {[%clk 0:16:59]}
Kxa4 {[%clk 0:25:05]} 45.Rd4+ {[%clk 0:15:03]} Ka5 {[%clk 0:24:55]}
46.R4d3 {[%clk 0:14:09]} Kb6 {[%clk 0:23:53]} 47.a3 {[%clk 0:12:26]}
Kc7 {[%clk 0:20:04]} 48.Rc1+ {[%clk 0:11:05]} Kb6 {[%clk 0:20:12]}
49.Rcd1 {[%clk 0:11:27]} Re4 {[%clk 0:18:47]} 50.Rc1 {[%clk 0:06:00]}
Rc4 {[%clk 0:16:59]} 51.Rcd1 {[%clk 0:04:59]} Re4 {[%clk 0:11:54]}
52.Rc1 {[%clk 0:04:52]} Rc4 {[%clk 0:11:38]} 53.Re1 Kc5 1/2-1/2

[Event "Team men PL"]
[Site "Sochi"]
[Date "2020.11.25"]
[Round "6.19"]
[White "Iljiushenok, Ilia"]
[Black "Rublevsky, Sergei"]
[Result "1/2-1/2"]
[BlackElo "2653"]
[WhiteElo "2539"]
[LiveChessVersion "1.4.8"]

1.e4 {[%clk 1:30:55]} c5 {[%clk 1:30:59]} 2.Nf3 {[%clk 1:31:16]}
e6 {[%clk 1:31:23]} 3.d4 {[%clk 1:31:42]} cxd4 {[%clk 1:31:49]}
4.Nxd4 {[%clk 1:32:09]} Nc6 {[%clk 1:32:15]} 5.Nc3 {[%clk 1:32:04]}
a6 {[%clk 1:32:39]} 6.g3 {[%clk 1:31:50]} d6 {[%clk 1:32:28]}
7.Nxc6 {[%clk 1:31:42]} bxc6 {[%clk 1:32:53]} 8.Bg2 {[%clk 1:32:10]}
d5 {[%clk 1:32:02]} 9.O-O {[%clk 1:32:18]} Nf6 {[%clk 1:32:22]}
10.Na4 {[%clk 1:31:47]} Be7 {[%clk 1:31:53]} 11.Qe2 {[%clk 1:31:50]}
O-O {[%clk 1:30:29]} 12.b3 {[%clk 1:31:29]} Nxe4 {[%clk 1:17:25]}
13.Bxe4 {[%clk 1:31:05]} dxe4 {[%clk 1:17:51]} 14.Rd1 {[%clk 1:29:53]}
Qc7 {[%clk 1:11:14]} 15.Qxe4 {[%clk 1:29:51]} e5 {[%clk 1:09:33]}
16.Be3 {[%clk 1:25:35]} Be6 {[%clk 1:07:23]} 17.Bc5 {[%clk 1:21:36]}
f5 {[%clk 0:46:26]} 18.Qe2 {[%clk 1:16:14]} f4 {[%clk 0:40:43]}
19.Bxe7 {[%clk 0:55:33]} Qxe7 {[%clk 0:37:44]} 20.Qxe5 {[%clk 0:54:53]}
fxg3 {[%clk 0:37:44]} 21.fxg3 {[%clk 0:48:15]} Rf5 {[%clk 0:36:03]}
22.Qe3 {[%clk 0:44:57]} Qf6 {[%clk 0:35:30]} 23.Re1 {[%clk 0:42:01]}
Bf7 {[%clk 0:27:07]} 24.Nb6 {[%clk 0:35:07]} Rf3 {[%clk 0:17:39]}
25.Qe4 {[%clk 0:29:34]} Qc3 {[%clk 0:15:28]} 26.Na4 {[%clk 0:22:55]}
Qf6 {[%clk 0:15:00]} 27.Nb6 {[%clk 0:23:06]} Qc3 {[%clk 0:15:20]}
28.Na4 {[%clk 0:09:10]} Qf6 {[%clk 0:15:37]} 29.Nb6 {[%clk 0:09:37]}
Qc3 1/2-1/2